Korean Word Quiz - Statistics

General Stats
  • This quiz has been taken 228 times
  • The average score is 8 of 15
Answer Stats
Hint Answer % Correct
안녕 Hello
96%
컴퓨터 Computer
83%
House
80%
Me
79%
학교 School
78%
Book
73%
Money
69%
나무 Tree
58%
Door
52%
River
40%
시계 Clock
38%
구름 Cloud
33%
종이 Paper
26%
전기 Electricity
21%
Land
17%
No matching quizzes found
Score Distribution
Percent of People with Each Score
Percentile by Number Answered
Your Score History
You have not taken this quiz